MAITE - Statistics

Estatísticas Gerais
  • Esse quiz foi jogado 271 vezes
  • A pontuação média é 64 de 84
Estatísticas das Respostas
Componentes Hélice % Correto
Governador
89%
passo minimo (82 pol.) 12,5
86%
passo minimo (76 pol.) 15
86%
passo máximo 32,4
86%
Velocidade Constante
86%
Tende a hélice ao passo máximo Contrapeso
86%
Filtro
86%
No voo de dorso, a hélice tende ao passo ... Máximo
86%
MIL-H-5606
86%
Mínimo
86%
Reservatorio
86%
Spinner
86%
Passo Variável
86%
100/130
83%
106
83%
11
83%
Capacidade (XX quartos de galão americano) 12
83%
1500
83%
4
83%
Limite de tempo do voo de dorso em segundos 5
83%
6
83%
6
83%
6
83%
65
83%
7
83%
Nível de óleo para voo: acima de XX quartos de galão americano 9
83%
95
83%
Bateria
83%
Bomba
83%
5
81%
60
81%
Tipo de óleo (tampa vermelha) Aeroshell 100
81%
Tipo de óleo (tampa amarela) Aeroshell 15W50
81%
Alternador
81%
Respiro
81%
24 24
78%
310
78%
32
78%
3 2
78%
342
78%
5
78%
Contrapeso
78%
Pás
78%
Tende a hélice ao passo mínimo Pressão do Óleo
78%
Radiador
78%
Tanque
78%
10
75%
27,4 0,1
75%
35 70
75%
Anel do spinner
75%
Cubo da hélice
75%
Filtro
75%
Modelo HCC2YK4F/FC8475-A2
75%
acionamento Hidráulico
75%
Manete do passo
75%
Prestolite
75%
0,91
72%
14
72%
16
72%
50
72%
Bateria, Alternador, Fontes Externas
72%
Interruptor de Mercúrio
72%
18 a 30
69%
Barra de Alimentação
69%
contínua 24
69%
Disjuntores
69%
Dreno
69%
Regulador
69%
Relê da Bateria
69%
2 1 2
67%
direita esquerda cauda
67%
Respiro
67%
Servo Injetor
67%
Válvula Unidirecional
67%
15
64%
765 250
64%
Booster
64%
split 60
64%
1800 1850
58%
950 10 1550 20
58%
Bico Injetor
58%
Bomba Mecânica
58%
Válvula Distribuidora
58%
Seletora de Gasolina
56%
Nenhum quiz correspondente encontrado
Distribuição das Pontuações
Porcentagem de Pessoas com Cada Pontuação
Percentil de Números Respondidos
Sua Pontuação Histórica
Você não jogou esse quiz